000
00267nam a2200109Ia 4500
008
240625s9999 xx 000 0 und d
041
_a
eng
082
_a
368.3201 LOM
100
_a
LOMBARDI LOUIS J
245
_a
VALUATION OF LIFE INSURANCE LIABILITIES
260
_c
2006
999
_c
34974
_d
34974